Top 10 Largest U.S. States by Area and Population - Statistics

General Stats
  • This quiz has been taken 305 times
  • The average score is 17 of 20
Answer Stats
Hint Answer % Correct
676,587 Texas
100%
31.7 m Texas
100%
403,466 California
99%
39.4 m California
99%
1,477,953 Alaska
96%
20.0 m New York
96%
23.5 m Florida
95%
376,962 Montana
88%
294,207 Arizona
86%
314,161 New Mexico
81%
284,332 Nevada
80%
13.1 m Pennsylvania
79%
268,431 Colorado
78%
12.7 m Illinois
78%
10.1 m Michigan
77%
11.9 m Ohio
77%
248,608 Oregon
76%
251,470 Wyoming
74%
11.3 m Georgia
73%
11.2 m North Carolina
67%
No matching quizzes found
Score Distribution
Percent of People with Each Score
Percentile by Number Answered
Your Score History
You have not taken this quiz